[Event "Czech Open GM 2020"]
[Site "Pardubice"]
[Date "2020.09.27"]
[Round "8.14"]
[White "Sernecki, Franciszek"]
[Black "Arkell, Keith C"]
[Result "1/2-1/2"]
[WhiteElo "2248"]
[BlackElo "2429"]
[Annotator "ChessBase"]
[PlyCount "115"]
[EventDate "2020.09.21"]
[EventCountry "CZE"]
[SourceTitle "playchess.com"]
[Source "ChessBase"]
[SourceQuality "1"]
[TimeControl "40/5400+30:1800+30"]

1. d4 {[%emt 0:00:00]} c5 {[%emt 0:01:06]} 2. d5 {[%emt 0:00:00]} e5 {[%emt 0:00:13]} 3. e4 {[%emt 0:00:44]} d6 {[%emt 0:00:05]} 4. Nc3 {[%emt 0:00:27]} Be7 {[%emt 0:00:09]} 5. Nf3 {[%emt 0:00:35]} a6 {[%emt 0:00:04]} 6. a4 {[%emt 0:00:30]} Bg4 {[%emt 0:00:06]} 7. b3 {[%emt 0:00:59]} Nd7 {[%emt 0:01:12]} 8. h3 {[%emt 0:01:36]} Bxf3 {[%emt 0:00:06]} 9. Qxf3 {[%emt 0:00:07]} Bg5 {[%emt 0:00:16]} 10. Bb2 {[%emt 0:00:53]} h5 {[%emt 0:00:12]} 11. h4 {[%emt 0:10:22]} Bh6 {[%emt 0:04:11]} 12. g3 {[%emt 0:02:59]} Ne7 {[%emt 0:00:47]} 13. Bh3 {[%emt 0:01:17]} g6 {[%emt 0:00:25]} 14. O-O {[%emt 0:11:43]} O-O {[%emt 0:01:57]} 15. Bc1 {[%emt 0:18:45]} Bxc1 {[%emt 0:02:21]} 16. Raxc1 {[%emt 0:00:51]} f5 {[%emt 0:03:01]} 17. exf5 {[%emt 0:04:54]} Nxf5 {[%emt 0:00:05]} 18. Qd1 {[%emt 0:09:15]} Nf6 {[%emt 0:13:04]} 19. Qd3 {[%emt 0:02:09]} Qa5 {[%emt 0:06:03]} 20. Rce1 {[%emt 0:07:37]} Rae8 {[%emt 0:35:24]} 21. f4 {[%emt 0:05:36]} e4 {[%emt 0:01:27]} 22. Nxe4 {[%emt 0:02:17]} Kg7 {[%emt 0:01:20]} 23. Bxf5 {[%emt 0:08:34]} gxf5 {[%emt 0:00:08]} 24. Qd2 {[%emt 0:02:19]} Qxd2 {[%emt 0:00:39]} 25. Nxd2 {[%emt 0:00:01]} b5 {[%emt 0:04:48]} 26. axb5 {[%emt 0:00:50]} axb5 {[%emt 0:00:05]} 27. c4 {[%emt 0:00:22]} Ng4 {[%emt 0:00:05]} 28. Rxe8 {[%emt 0:03:07]} Rxe8 {[%emt 0:00:05]} 29. cxb5 {[%emt 0:00:00]} Rb8 {[%emt 0:05:45]} 30. Nc4 {[%emt 0:01:29]} Rxb5 {[%emt 0:00:11]} 31. Rb1 {[%emt 0:00:17]} Rb8 {[%emt 0:00:54]} 32. Nxd6 {[%emt 0:02:49]} Rd8 {[%emt 0:00:41]} 33. Nc4 {[%emt 0:01:11]} Rxd5 {[%emt 0:00:06]} 34. Ra1 {[%emt 0:00:41]} Rd3 {[%emt 0:00:13]} 35. Ra7+ {[%emt 0:00:10]} Kf6 {[%emt 0:00:23]} 36. Ra6+ {[%emt 0:00:19]} Ke7 {[%emt 0:00:06]} 37. Ra7+ {[%emt 0:00:48]} Ke6 {[%emt 0:00:05]} 38. Ra6+ {[%emt 0:00:49]} Kd5 {[%emt 0:01:51]} 39. Rd6+ {[%emt 0:00:36]} Ke4 {[%emt 0:00:01]} 40. Rxd3 {[%emt 0:00:27]} Kxd3 {[%emt 0:00:05]} 41. Ne5+ {[%emt 0:30:43]} Kc3 {[%emt 0:33:59]} 42. Nxg4 {[%emt 0:00:00]} fxg4 {[%emt 0:00:00]} 43. f5 {[%emt 0:00:00]} Kxb3 {[%emt 0:00:00]} 44. f6 {[%emt 0:00:00]} c4 {[%emt 0:00:00]} 45. f7 {[%emt 0:00:00]} c3 {[%emt 0:00:00]} 46. f8=Q {[%emt 0:00:00]} c2 {[%emt 0:00:00]} 47. Qf4 {[%emt 0:00:00]} Kb2 {[%emt 0:00:00]} 48. Qb4+ {[%emt 0:00:00]} Ka2 {[%emt 0:00:00]} 49. Qc3 {[%emt 0:00:00]} Kb1 {[%emt 0:00:00]} 50. Qb3+ {[%emt 0:00:00]} Ka1 {[%emt 0:00:00]} 51. Qa3+ {[%emt 0:00:00]} Kb1 {[%emt 0:00:00]} 52. Qd3 {[%emt 0:00:00]} Kb2 {[%emt 0:00:00]} 53. Qb5+ {[%emt 0:00:00]} Ka2 {[%emt 0:00:00]} 54. Qa4+ {[%emt 0:00:00]} Kb2 {[%emt 0:00:00]} 55. Qb4+ {[%emt 0:00:00]} Ka2 {[%emt 0:00:00]} 56. Qc3 {[%emt 0:00:00]} Kb1 {[%emt 0:00:00]} 57. Qb3+ {[%emt 0:00:00]} Ka1 {[%emt 0:00:00]} 58. Qxc2 {[%emt 0:00:53]} 1/2-1/2

[Event "Czech Open GM 2020"]
[Site "Pardubice"]
[Date "2020.09.27"]
[Round "8.15"]
[White "Pantzar, Milton"]
[Black "Degenhard, Simon"]
[Result "1/2-1/2"]
[WhiteElo "2424"]
[BlackElo "2271"]
[Annotator "ChessBase"]
[PlyCount "119"]
[EventDate "2020.09.21"]
[EventCountry "CZE"]
[SourceTitle "playchess.com"]
[Source "ChessBase"]
[SourceQuality "1"]
[TimeControl "40/5400+30:1800+30"]

1. d4 {[%emt 0:00:00]} Nf6 {[%emt 0:00:00]} 2. c4 {[%emt 0:00:00]} e6 {[%emt 0:00:00]} 3. Nc3 {[%emt 0:00:00]} d5 {[%emt 0:00:00]} 4. cxd5 {[%emt 0:00:00]} Nxd5 {[%emt 0:00:01]} 5. e4 {[%emt 0:00:24]} Nxc3 {[%emt 0:00:07]} 6. bxc3 {[%emt 0:00:04]} c5 {[%emt 0:00:06]} 7. Rb1 {[%emt 0:01:03]} Be7 {[%emt 0:00:10]} 8. h4 {[%emt 0:00:30]} Nc6 {[%emt 0:05:21]} 9. Nf3 {[%emt 0:01:25]} O-O {[%emt 0:01:56]} 10. h5 {[%emt 0:00:33]} h6 {[%emt 0:06:19]} 11. Be2 {[%emt 0:00:37]} b6 {[%emt 0:00:45]} 12. Rh3 {[%emt 0:00:48]} cxd4 {[%emt 0:08:42]} 13. cxd4 {[%emt 0:00:41]} f5 {[%emt 0:14:59]} 14. exf5 {[%emt 0:14:57]} exf5 {[%emt 0:00:09]} 15. d5 {[%emt 0:04:17]} Nb4 {[%emt 0:05:28]} 16. Ne5 {[%emt 0:18:50]} Bd6 {[%emt 0:19:19]} 17. Ng6 {[%emt 0:24:13]} Re8 {[%emt 0:00:34]} 18. Re3 {[%emt 0:01:11]} Bb7 {[%emt 0:03:26]} 19. Rxe8+ {[%emt 0:04:35]} Qxe8 {[%emt 0:00:03]} 20. Bf4 {[%emt 0:00:29]} Bxf4 {[%emt 0:04:10]} 21. Rxb4 {[%emt 0:00:21]} Bd6 {[%emt 0:00:59]} 22. Rb3 {[%emt 0:07:36]} Qe4 {[%emt 0:05:52]} 23. Kf1 {[%emt 0:01:51]} Bc5 {[%emt 0:07:10]} 24. Bf3 {[%emt 0:01:21]} Qc4+ {[%emt 0:00:16]} 25. Kg1 {[%emt 0:00:26]} Rd8 {[%emt 0:01:04]} 26. Rb2 {[%emt 0:06:09]} Re8 {[%emt 0:07:57]} 27. d6 {[%emt 0:03:19]} Qc3 {[%emt 0:06:51]} 28. Re2 {[%emt 0:04:34]} Be4 {[%emt 0:01:01]} 29. d7 {[%emt 0:00:53]} Rd8 {[%emt 0:00:45]} 30. Bxe4 {[%emt 0:02:06]} fxe4 {[%emt 0:00:25]} 31. Rxe4 {[%emt 0:00:16]} Qf6 {[%emt 0:00:12]} 32. Qd5+ {[%emt 0:00:33]} Kh7 {[%emt 0:00:36]} 33. Rf4 {[%emt 0:00:26]} Qd6 {[%emt 0:00:41]} 34. Qf5 {[%emt 0:01:07]} Kg8 {[%emt 0:00:35]} 35. Qf7+ {[%emt 0:00:09]} Kh7 {[%emt 0:00:05]} 36. Qf5 {[%emt 0:00:02]} Kg8 {[%emt 0:00:27]} 37. Qf7+ {[%emt 0:00:43]} Kh7 {[%emt 0:00:06]} 38. g3 {[%emt 0:01:58]} Qxd7 {[%emt 0:00:58]} 39. Qxd7 {[%emt 0:00:27]} Rxd7 {[%emt 0:00:05]} 40. Re4 {[%emt 0:00:32]} Kg8 {[%emt 0:01:25]} 41. Re2 {[%emt 0:07:36]} Rc7 {[%emt 0:02:47]} 42. Kg2 {[%emt 0:00:55]} b5 {[%emt 0:01:31]} 43. Re6 {[%emt 0:04:18]} b4 {[%emt 0:02:50]} 44. f4 {[%emt 0:03:05]} Kf7 {[%emt 0:11:31]} 45. f5 {[%emt 0:00:00]} Bd4 {[%emt 0:00:44]} 46. Nh8+ {[%emt 0:00:08]} Kf8 {[%emt 0:00:06]} 47. Ng6+ {[%emt 0:00:03]} Kf7 {[%emt 0:00:09]} 48. Kf3 {[%emt 0:01:07]} Rc3+ {[%emt 0:01:36]} 49. Ke4 {[%emt 0:01:03]} Bf6 {[%emt 0:00:44]} 50. Ra6 {[%emt 0:02:44]} Rxg3 {[%emt 0:00:21]} 51. Rxa7+ {[%emt 0:00:05]} Ke8 {[%emt 0:00:11]} 52. Kd5 {[%emt 0:05:33]} Rh3 {[%emt 0:05:30]} 53. Nf4 {[%emt 0:02:52]} Rf3 {[%emt 0:01:13]} 54. Ke4 {[%emt 0:00:43]} Rf2 {[%emt 0:00:22]} 55. Ne6 {[%emt 0:01:07]} Rg2 {[%emt 0:00:55]} 56. Kd5 {[%emt 0:01:11]} Rf2 {[%emt 0:01:54]} 57. Nxg7+ {[%emt 0:01:38]} Bxg7 {[%emt 0:00:22]} 58. Rxg7 {[%emt 0:00:04]} Kf8 {[%emt 0:00:17]} 59. Rb7 {[%emt 0:03:45]} Rxf5+ {[%emt 0:00:20]} 60. Ke6 {[%emt 0:00:23]} 1/2-1/2

[Event "Czech Open GM 2020"]
[Site "Pardubice"]
[Date "2020.09.27"]
[Round "8.16"]
[White "Sorensen, Hampus"]
[Black "Rocco, Federico"]
[Result "1-0"]
[WhiteElo "2361"]
[BlackElo "2123"]
[Annotator "ChessBase"]
[PlyCount "103"]
[EventDate "2020.09.21"]
[EventCountry "CZE"]
[SourceTitle "playchess.com"]
[Source "ChessBase"]
[SourceQuality "1"]
[TimeControl "40/5400+30:1800+30"]

1. d4 {[%emt 0:00:00]} Nf6 {[%emt 0:00:00]} 2. c4 {[%emt 0:00:00]} e6 {[%emt 0:00:00]} 3. Nf3 {[%emt 0:00:00]} b6 {[%emt 0:00:00]} 4. a3 {[%emt 0:00:28]} Bb7 {[%emt 0:00:14]} 5. Bf4 {[%emt 0:01:33]} c5 {[%emt 0:02:06]} 6. dxc5 {[%emt 0:10:22]} bxc5 {[%emt 0:00:38]} 7. Nc3 {[%emt 0:00:34]} d6 {[%emt 0:13:18]} 8. Qb3 {[%emt 0:09:41]} Bc6 {[%emt 0:07:27]} 9. Rd1 {[%emt 0:03:27]} Be7 {[%emt 0:00:40]} 10. Nb5 {[%emt 0:04:17]} Qa5+ {[%emt 0:03:34]} 11. Qc3 {[%emt 0:06:32]} Qxc3+ {[%emt 0:00:23]} 12. Nxc3 {[%emt 0:00:30]} e5 {[%emt 0:01:06]} 13. Bc1 {[%emt 0:00:23]} Nbd7 {[%emt 0:02:34]} 14. e3 {[%emt 0:01:47]} Rb8 {[%emt 0:06:09]} 15. Be2 {[%emt 0:03:50]} O-O {[%emt 0:00:09]} 16. O-O {[%emt 0:00:23]} Rb6 {[%emt 0:03:37]} 17. Nd2 {[%emt 0:10:30]} e4 {[%emt 0:06:09]} 18. f3 {[%emt 0:02:59]} Ne5 {[%emt 0:02:51]} 19. f4 {[%emt 0:02:32]} Ng6 {[%emt 0:13:49]} 20. g3 {[%emt 0:05:38]} Re8 {[%emt 0:01:40]} 21. Rfe1 {[%emt 0:01:52]} Bd8 {[%emt 0:01:39]} 22. Nb5 {[%emt 0:07:43]} Bxb5 {[%emt 0:05:34]} 23. cxb5 {[%emt 0:00:02]} d5 {[%emt 0:00:52]} 24. Nb3 {[%emt 0:02:22]} Be7 {[%emt 0:00:46]} 25. a4 {[%emt 0:01:59]} Rbb8 {[%emt 0:09:30]} 26. Na5 {[%emt 0:07:20]} d4 {[%emt 0:01:07]} 27. exd4 {[%emt 0:02:08]} cxd4 {[%emt 0:00:17]} 28. Nc6 {[%emt 0:00:34]} Bc5 {[%emt 0:06:13]} 29. b4 {[%emt 0:02:04]} Bb6 {[%emt 0:00:04]} 30. Nxb8 {[%emt 0:01:38]} d3+ {[%emt 0:00:07]} 31. Kg2 {[%emt 0:00:29]} dxe2 {[%emt 0:00:21]} 32. Rxe2 {[%emt 0:00:17]} Rxb8 {[%emt 0:00:06]} 33. a5 {[%emt 0:04:39]} Bd8 {[%emt 0:00:32]} 34. Be3 {[%emt 0:01:30]} Be7 {[%emt 0:02:11]} 35. b6 {[%emt 0:02:20]} axb6 {[%emt 0:00:46]} 36. a6 {[%emt 0:00:06]} Nf8 {[%emt 0:05:16]} 37. a7 {[%emt 0:00:55]} Ra8 {[%emt 0:00:59]} 38. Bxb6 {[%emt 0:00:09]} N6d7 {[%emt 0:01:20]} 39. Rxe4 {[%emt 0:02:14]} Nxb6 {[%emt 0:04:07]} 40. Rxe7 {[%emt 0:00:06]} g6 {[%emt 0:01:09]} 41. Rb7 {[%emt 0:31:22]} Nc8 {[%emt 0:02:09]} 42. Rb8 {[%emt 0:00:00]} Rxa7 {[%emt 0:00:05]} 43. Rxc8 {[%emt 0:00:00]} Kg7 {[%emt 0:00:06]} 44. Rb1 {[%emt 0:00:00]} Rb7 {[%emt 0:00:17]} 45. b5 {[%emt 0:00:00]} Nd7 {[%emt 0:00:08]} 46. Rc6 {[%emt 0:00:00]} Nb6 {[%emt 0:00:05]} 47. Kf3 {[%emt 0:00:00]} h5 {[%emt 0:00:22]} 48. Ke4 {[%emt 0:00:00]} Kf8 {[%emt 0:00:11]} 49. f5 {[%emt 0:00:00]} Kg7 {[%emt 0:00:39]} 50. fxg6 {[%emt 0:00:00]} fxg6 {[%emt 0:00:10]} 51. Kd4 {[%emt 0:00:00]} Kh6 {[%emt 0:01:39]} 52. h4 {[%emt 0:00:00]} 1-0

[Event "Czech Open GM 2020"]
[Site "Pardubice"]
[Date "2020.09.27"]
[Round "8.17"]
[White "Siekanski, Janusz"]
[Black "Finek, Vaclav"]
[Result "1-0"]
[WhiteElo "2184"]
[BlackElo "2344"]
[Annotator "ChessBase"]
[PlyCount "83"]
[EventDate "2020.09.21"]
[EventCountry "CZE"]
[SourceTitle "playchess.com"]
[Source "ChessBase"]
[SourceQuality "1"]
[TimeControl "40/5400+30:1800+30"]

1. d4 Nf6 2. c4 g6 3. Nc3 d5 4. cxd5 Nxd5 5. e4 {[%emt 0:00:28]} Nxc3 {[%emt 0:00:05]} 6. bxc3 {[%emt 0:00:12]} Bg7 {[%emt 0:00:05]} 7. Bc4 {[%emt 0:00:32]} c5 {[%emt 0:00:18]} 8. Ne2 {[%emt 0:00:22]} O-O {[%emt 0:00:33]} 9. O-O {[%emt 0:00:14]} Nc6 {[%emt 0:00:06]} 10. Be3 {[%emt 0:00:16]} Bd7 {[%emt 0:01:55]} 11. Rc1 {[%emt 0:05:55]} Qc7 {[%emt 0:02:36]} 12. Qd2 {[%emt 0:03:57]} Rfd8 {[%emt 0:02:11]} 13. Bh6 {[%emt 0:03:08]} Bh8 {[%emt 0:13:22]} 14. h4 {[%emt 0:25:18]} Na5 {[%emt 0:13:27]} 15. Bd3 {[%emt 0:00:45]} Bg4 {[%emt 0:03:37]} 16. f3 {[%emt 0:04:46]} Be6 {[%emt 0:02:15]} 17. d5 {[%emt 0:03:41]} c4 {[%emt 0:08:54]} 18. Bc2 {[%emt 0:01:19]} Bd7 {[%emt 0:02:38]} 19. h5 {[%emt 0:05:51]} Be8 {[%emt 0:05:59]} 20. Bf4 {[%emt 0:10:17]} Qc8 {[%emt 0:07:41]} 21. hxg6 {[%emt 0:01:42]} hxg6 {[%emt 0:00:28]} 22. Kf2 {[%emt 0:01:28]} Qc5+ {[%emt 0:06:47]} 23. Be3 {[%emt 0:00:49]} Qd6 {[%emt 0:00:43]} 24. Rh1 {[%emt 0:01:59]} Bg7 {[%emt 0:03:58]} 25. Rh4 {[%emt 0:05:49]} e6 {[%emt 0:12:20]} 26. Rch1 {[%emt 0:01:23]} Kf8 {[%emt 0:01:38]} 27. Rh7 {[%emt 0:12:48]} Bf6 {[%emt 0:04:20]} 28. f4 {[%emt 0:05:14]} e5 {[%emt 0:03:18]} 29. fxe5 {[%emt 0:00:12]} Bxe5 {[%emt 0:00:58]} 30. Bg5 {[%emt 0:02:16]} Bf6 {[%emt 0:02:24]} 31. Qe3 {[%emt 0:01:19]} Bb5 {[%emt 0:02:47]} 32. Nd4 {[%emt 0:00:04]} Bd7 {[%emt 0:00:30]} 33. Ne6+ {[%emt 0:00:54]} Bxe6 {[%emt 0:00:41]} 34. Bxf6 {[%emt 0:00:11]} Ke8 {[%emt 0:00:05]} 35. Rh8+ {[%emt 0:00:25]} Kd7 {[%emt 0:00:05]} 36. Rxd8+ {[%emt 0:00:33]} Rxd8 37. dxe6+ {[%emt 0:00:17]} Kxe6 {[%emt 0:00:12]} 38. Bxd8 {[%emt 0:00:27]} Qxd8 {[%emt 0:00:01]} 39. Qh3+ {[%emt 0:00:30]} Ke5 {[%emt 0:00:24]} 40. Qg3+ {[%emt 0:00:15]} Ke6 {[%emt 0:00:05]} 41. Rd1 {[%emt 0:01:30]} Qe7 {[%emt 0:02:27]} 42. Qg4+ {[%emt 0:01:11]} 1-0

[Event "Czech Open GM 2020"]
[Site "Pardubice"]
[Date "2020.09.27"]
[Round "8.18"]
[White "Dehmel, Jens"]
[Black "Rabatin, Jakub"]
[Result "1/2-1/2"]
[WhiteElo "2040"]
[BlackElo "2291"]
[Annotator "ChessBase"]
[PlyCount "116"]
[EventDate "2020.09.21"]
[EventCountry "CZE"]
[SourceTitle "playchess.com"]
[Source "ChessBase"]
[SourceQuality "1"]
[TimeControl "40/5400+30:1800+30"]

1. d4 {[%emt 0:36:14]} Nf6 {[%emt 0:00:07]} 2. c4 {[%emt 0:00:40]} g6 {[%emt 0:00:11]} 3. Nc3 {[%emt 0:00:12]} Bg7 {[%emt 0:00:11]} 4. e4 {[%emt 0:00:08]} d6 {[%emt 0:00:04]} 5. Nf3 {[%emt 0:00:13]} O-O {[%emt 0:00:08]} 6. Be2 {[%emt 0:00:10]} e5 {[%emt 0:00:21]} 7. O-O {[%emt 0:00:13]} Na6 {[%emt 0:07:41]} 8. Re1 {[%emt 0:00:20]} exd4 {[%emt 0:04:17]} 9. Nxd4 {[%emt 0:00:11]} Nc5 {[%emt 0:00:28]} 10. Bf1 {[%emt 0:00:14]} Re8 {[%emt 0:00:53]} 11. f3 {[%emt 0:00:17]} a5 {[%emt 0:07:32]} 12. Be3 {[%emt 0:05:36]} c6 {[%emt 0:23:27]} 13. Qd2 {[%emt 0:01:09]} a4 {[%emt 0:00:26]} 14. b4 {[%emt 0:05:53]} axb3 {[%emt 0:10:24]} 15. axb3 {[%emt 0:00:12]} Rxa1 {[%emt 0:01:11]} 16. Rxa1 {[%emt 0:00:02]} Nfd7 {[%emt 0:17:52]} 17. Rb1 {[%emt 0:02:42]} Ne5 {[%emt 0:00:26]} 18. b4 {[%emt 0:03:43]} Ne6 {[%emt 0:00:16]} 19. Nb3 {[%emt 0:03:27]} Qf6 {[%emt 0:03:42]} 20. Rc1 {[%emt 0:04:13]} g5 {[%emt 0:02:23]} 21. b5 {[%emt 0:06:01]} Nf4 {[%emt 0:03:22]} 22. bxc6 {[%emt 0:10:13]} bxc6 {[%emt 0:00:08]} 23. Na5 {[%emt 0:08:33]} h5 {[%emt 0:03:06]} 24. Rd1 {[%emt 0:03:02]} Be6 {[%emt 0:02:28]} 25. Kh1 {[%emt 0:01:17]} Bh6 {[%emt 0:04:04]} 26. Nb7 {[%emt 0:02:01]} g4 {[%emt 0:06:40]} 27. g3 {[%emt 0:05:05]} Nxf3 {[%emt 0:00:07]} 28. Qc1 {[%emt 0:00:01]} Bg7 {[%emt 0:01:56]} 29. gxf4 {[%emt 0:04:26]} Qxc3 {[%emt 0:00:04]} 30. Qxc3 {[%emt 0:00:10]} Bxc3 31. Nxd6 {[%emt 0:00:12]} Ra8 {[%emt 0:00:51]} 32. e5 {[%emt 0:02:54]} Bb4 {[%emt 0:01:04]} 33. Ne4 {[%emt 0:00:22]} Ra2 {[%emt 0:00:20]} 34. Bg2 {[%emt 0:01:14]} Nh4 {[%emt 0:00:33]} 35. Bf1 {[%emt 0:00:19]} Nf3 {[%emt 0:00:34]} 36. Bg2 {[%emt 0:00:06]} Bxc4 {[%emt 0:00:21]} 37. Nf6+ {[%emt 0:00:42]} Kg7 {[%emt 0:00:22]} 38. Nxh5+ {[%emt 0:00:25]} Kg6 {[%emt 0:00:15]} 39. Ng3 {[%emt 0:01:12]} Bd5 {[%emt 0:00:20]} 40. f5+ {[%emt 0:03:53]} Kh7 {[%emt 0:00:13]} 41. Nh5 {[%emt 0:03:42]} Be7 {[%emt 0:12:20]} 42. f6 {[%emt 0:05:52]} Bb4 {[%emt 0:08:56]} 43. Nf4 {[%emt 0:00:07]} Be4 {[%emt 0:04:52]} 44. h3 {[%emt 0:11:12]} gxh3 {[%emt 0:02:06]} 45. Nxh3 {[%emt 0:00:01]} Re2 {[%emt 0:01:00]} 46. Nf2 {[%emt 0:03:20]} Bd5 {[%emt 0:01:09]} 47. Ng4 {[%emt 0:00:20]} Nxe5 {[%emt 0:03:01]} 48. Bxd5 {[%emt 0:07:21]} Nxg4 {[%emt 0:00:30]} 49. Be4+ {[%emt 0:01:02]} Kg8 {[%emt 0:00:04]} 50. Rd8+ {[%emt 0:03:40]} Bf8 {[%emt 0:00:02]} 51. Bc5 {[%emt 0:00:30]} Nf2+ {[%emt 0:01:54]} 52. Kg1 {[%emt 0:02:40]} Nxe4 {[%emt 0:00:28]} 53. Rxf8+ {[%emt 0:03:20]} Kh7 {[%emt 0:00:05]} 54. Rxf7+ {[%emt 0:01:47]} Kg6 {[%emt 0:00:17]} 55. Rc7 {[%emt 0:01:22]} Nxc5 {[%emt 0:00:19]} 56. Rxc6 {[%emt 0:00:05]} Ne6 {[%emt 0:00:16]} 57. Kf1 {[%emt 0:00:12]} Re5 {[%emt 0:00:11]} 58. Kf2 {[%emt 0:00:09]} Kxf6 {[%emt 0:00:05]} 1/2-1/2

[Event "Czech Open GM 2020"]
[Site "Pardubice"]
[Date "2020.09.27"]
[Round "8.19"]
[White "Terziev, Dimo"]
[Black "Mica, Marek"]
[Result "0-1"]
[WhiteElo "2157"]
[BlackElo "2290"]
[Annotator "ChessBase"]
[PlyCount "82"]
[EventDate "2020.09.21"]
[EventCountry "CZE"]
[SourceTitle "playchess.com"]
[Source "ChessBase"]
[SourceQuality "1"]
[TimeControl "40/5400+30:1800+30"]

1. e4 {[%emt 0:05:45]} e6 {[%emt 0:00:13]} 2. d4 {[%emt 0:00:11]} d5 {[%emt 0:00:12]} 3. Nc3 {[%emt 0:00:07]} Nf6 {[%emt 0:01:26]} 4. e5 {[%emt 0:00:09]} Nfd7 {[%emt 0:00:09]} 5. f4 {[%emt 0:00:09]} c5 {[%emt 0:00:12]} 6. Nf3 {[%emt 0:00:07]} Nc6 {[%emt 0:00:15]} 7. Be3 {[%emt 0:00:16]} h6 {[%emt 0:00:35]} 8. Qd2 {[%emt 0:01:11]} g5 {[%emt 0:01:06]} 9. fxg5 {[%emt 0:03:27]} cxd4 {[%emt 0:00:28]} 10. Bxd4 {[%emt 0:01:12]} hxg5 {[%emt 0:01:50]} 11. g4 {[%emt 0:12:36]} Bg7 {[%emt 0:08:29]} 12. Bb5 {[%emt 0:10:06]} Nxd4 {[%emt 0:08:39]} 13. Qxd4 {[%emt 0:00:28]} a6 {[%emt 0:00:29]} 14. Bxd7+ {[%emt 0:01:04]} Bxd7 {[%emt 0:00:15]} 15. O-O-O {[%emt 0:00:36]} Rc8 {[%emt 0:01:59]} 16. Qe3 {[%emt 0:04:53]} Rh3 {[%emt 0:07:37]} 17. Kb1 {[%emt 0:06:47]} Rc4 {[%emt 0:05:24]} 18. Qxg5 {[%emt 0:06:33]} Qxg5 {[%emt 0:00:16]} 19. Nxg5 {[%emt 0:00:13]} Rh6 {[%emt 0:03:05]} 20. Rdf1 {[%emt 0:04:40]} f6 {[%emt 0:00:36]} 21. exf6 {[%emt 0:08:33]} Bxf6 {[%emt 0:00:14]} 22. Nf7 {[%emt 0:00:58]} Kxf7 {[%emt 0:01:31]} 23. g5 {[%emt 0:00:06]} Rg6 {[%emt 0:00:43]} 24. h4 {[%emt 0:00:09]} Kg7 {[%emt 0:00:27]} 25. gxf6+ {[%emt 0:03:17]} Rxf6 {[%emt 0:00:13]} 26. Rfg1+ {[%emt 0:06:04]} Rg6 {[%emt 0:01:42]} 27. Re1 {[%emt 0:04:42]} Rf4 {[%emt 0:07:32]} 28. h5 {[%emt 0:02:16]} Rh6 {[%emt 0:00:18]} 29. b3 {[%emt 0:08:11]} Rf5 {[%emt 0:01:37]} 30. Ne2 {[%emt 0:00:11]} e5 {[%emt 0:04:18]} 31. Rhg1+ {[%emt 0:01:16]} Kf6 {[%emt 0:01:10]} 32. Rg8 {[%emt 0:05:56]} Rfxh5 {[%emt 0:22:56]} 33. Ng3 {[%emt 0:00:07]} Rh3 {[%emt 0:00:47]} 34. Rf1+ {[%emt 0:00:06]} Ke6 {[%emt 0:00:31]} 35. Rg7 {[%emt 0:01:33]} Bc6 {[%emt 0:02:42]} 36. Rf8 {[%emt 0:05:00]} Rf6 {[%emt 0:01:00]} 37. Rc8 {[%emt 0:00:12]} Rh2 {[%emt 0:02:29]} 38. Rcc7 {[%emt 0:00:45]} Kd6 {[%emt 0:01:15]} 39. Rc8 {[%emt 0:00:25]} a5 {[%emt 0:03:58]} 40. a4 {[%emt 0:01:02]} Rff2 {[%emt 0:00:40]} 41. c4 {[%emt 0:01:27]} dxc4 {[%emt 0:04:58]} 0-1

[Event "Czech Open GM 2020"]
[Site "Pardubice"]
[Date "2020.09.27"]
[Round "8.20"]
[White "Simek, Petr"]
[Black "Wahlund, Max"]
[Result "1-0"]
[WhiteElo "2289"]
[BlackElo "2153"]
[Annotator "ChessBase"]
[PlyCount "95"]
[EventDate "2020.09.21"]
[EventCountry "CZE"]
[SourceTitle "playchess.com"]
[Source "ChessBase"]
[SourceQuality "1"]
[TimeControl "40/5400+30:1800+30"]

1. c4 {[%emt 0:05:43]} c5 {[%emt 0:00:18]} 2. g3 {[%emt 0:00:24]} Nc6 {[%emt 0:00:21]} 3. Bg2 {[%emt 0:00:06]} e5 {[%emt 0:00:06]} 4. Nc3 {[%emt 0:00:58]} g6 {[%emt 0:00:12]} 5. a3 {[%emt 0:00:32]} a5 {[%emt 0:01:52]} 6. e3 {[%emt 0:01:01]} Bg7 {[%emt 0:01:22]} 7. Nge2 {[%emt 0:00:34]} Nge7 {[%emt 0:00:23]} 8. d3 {[%emt 0:04:16]} d6 {[%emt 0:00:09]} 9. Bd2 {[%emt 0:00:09]} Be6 {[%emt 0:00:26]} 10. Nd5 {[%emt 0:00:14]} O-O {[%emt 0:08:26]} 11. Nec3 {[%emt 0:01:10]} Rb8 {[%emt 0:02:22]} 12. O-O {[%emt 0:02:26]} Qd7 {[%emt 0:00:16]} 13. Qa4 {[%emt 0:20:27]} Bh3 {[%emt 0:21:59]} 14. Nxe7+ {[%emt 0:03:14]} Nxe7 {[%emt 0:00:15]} 15. Qxa5 {[%emt 0:00:32]} Bxg2 {[%emt 0:00:25]} 16. Kxg2 {[%emt 0:00:07]} Qc6+ {[%emt 0:00:11]} 17. f3 {[%emt 0:03:19]} d5 {[%emt 0:03:52]} 18. e4 {[%emt 0:01:23]} dxc4 {[%emt 0:00:31]} 19. dxc4 {[%emt 0:00:09]} b6 {[%emt 0:03:01]} 20. Qb5 {[%emt 0:01:44]} Qxb5 {[%emt 0:00:24]} 21. cxb5 {[%emt 0:00:47]} Rfd8 {[%emt 0:00:59]} 22. Be3 {[%emt 0:01:36]} Kf8 {[%emt 0:05:09]} 23. Kf2 {[%emt 0:01:29]} Rd7 {[%emt 0:00:58]} 24. Ke2 {[%emt 0:01:56]} Rbd8 {[%emt 0:00:17]} 25. Rfd1 {[%emt 0:01:04]} Ke8 {[%emt 0:00:14]} 26. a4 {[%emt 0:04:04]} Rxd1 {[%emt 0:03:10]} 27. Rxd1 {[%emt 0:00:04]} Rxd1 {[%emt 0:00:05]} 28. Kxd1 {[%emt 0:00:06]} Kd7 {[%emt 0:00:19]} 29. Kc2 {[%emt 0:00:30]} f5 {[%emt 0:06:24]} 30. Kd3 {[%emt 0:01:23]} Ke6 {[%emt 0:01:20]} 31. b3 {[%emt 0:05:41]} Bf8 {[%emt 0:01:32]} 32. Bg5 {[%emt 0:11:25]} Nc8 {[%emt 0:00:35]} 33. Nd5 {[%emt 0:00:08]} Kd7 {[%emt 0:01:44]} 34. Nf6+ {[%emt 0:03:57]} Ke6 {[%emt 0:00:06]} 35. Nxh7 {[%emt 0:00:54]} Be7 {[%emt 0:01:41]} 36. h4 {[%emt 0:03:54]} fxe4+ {[%emt 0:01:25]} 37. fxe4 {[%emt 0:00:16]} Nd6 {[%emt 0:02:12]} 38. Bxe7 {[%emt 0:01:33]} Kxe7 {[%emt 0:00:02]} 39. Ng5 {[%emt 0:00:06]} Kf6 {[%emt 0:00:37]} 40. Nf3 {[%emt 0:00:28]} c4+ {[%emt 0:02:47]} 41. bxc4 {[%emt 0:30:20]} Nb7 {[%emt 0:31:07]} 42. Kc3 {[%emt 0:07:42]} Nc5 {[%emt 0:00:25]} 43. Kb4 {[%emt 0:00:05]} Nxe4 {[%emt 0:03:12]} 44. a5 {[%emt 0:00:06]} bxa5+ {[%emt 0:00:27]} 45. Kxa5 {[%emt 0:00:06]} Nc5 {[%emt 0:00:28]} 46. Kb6 {[%emt 0:01:42]} e4 {[%emt 0:01:26]} 47. Ne1 {[%emt 0:01:44]} Nd7+ {[%emt 0:00:45]} 48. Kc7 {[%emt 0:01:50]} 1-0